00430nam a2200181Ia 4500008004100000020001800041050001400059100001900073245003800092245001900130260001500149260001600164260000900180300001400189300002700203300001000230500000800240170918s9999 xx 000 0 und d a9780439785099 bJ528 1998 aJenkins, Steve aHottest coldest highest deepest / cSteve Jenkins. aNew York : bScholastic, c1998 aunpaged : bcolored illustration ; c21cm. a920